| 000 | 00617nas a2200205 a 4500 | ||
|---|---|---|---|
| 001 | 001042437 | ||
| 003 | AM-YeHGA | ||
| 005 | 20250617150925.0 | ||
| 008 | 141022c19119999|||mrzp 0 0arm d | ||
| 040 | _aAM-YeHGA | ||
| 041 | 0 | _aarm | |
| 222 | 0 | _aԱլեակ ։ | |
| 245 | 0 | 0 |
_aԱլեակ : _bԱմսաթերթ /. |
| 260 |
_aԱտաբազար : _bՀրատ. Ատաբազարի հայուհեայ վարժարանի, _c1911-. |
||
| 300 | _aհամար ։. | ||
| 650 | 0 | 4 | _aԱմսագիր |
| 650 | 1 | 4 |
_aԿրոն _xԱստվածաբանություն _vՊարբերականներ |
| 942 |
_2udc _cCR |
||
| 090 | _c342776 | ||
| 999 |
_c340991 _d340991 |
||